LIBRARY & INFORMATION CENTRE, KCAET, TAVANUR

ONLINE PUBLIC ACCESS CATALOGUE (OPAC)

Principles of Agronomy (Record no. 14681)

MARC details
000 -LEADER
fixed length control field 00286nam a22001217a 4500
020 ## - INTERNATIONAL STANDARD BOOK NUMBER
ISBN 9789350532676
082 ## - DEWEY DECIMAL CLASSIFICATION NUMBER
Classification number 630.121
Item number SIN/PR
100 ## - MAIN ENTRY--AUTHOR NAME
Personal name Singh,Pawan
245 ## - TITLE STATEMENT
Title Principles of Agronomy
260 ## - PUBLICATION, DISTRIBUTION, ETC. (IMPRINT)
Place of publication New Delhi
Name of publisher Cyber Tech Publications
Year of publication 2014
300 ## - PHYSICAL DESCRIPTION
Number of Pages 264
942 ## - ADDED ENTRY ELEMENTS (KOHA)
Koha item type Books
Holdings
Withdrawn status Lost status Damaged status Collection code Home library Current library Shelving location Date acquired Source of acquisition Cost, normal purchase price Full call number Accession Number Koha item type
        KAUAET KAUAET General Stacks 27/07/2016 Penta Books. 900.00 630.121 SIN/PR 24213 Books
free website counter